| 000 | 00395cam a2200133 4500 | ||
|---|---|---|---|
| 008 | 040521n2001 000 0 eng u | ||
| 020 | _a0117536229 | ||
| 035 | _a(Sirsi) u126253 | ||
| 110 | _aDepartment for Transport, Local Government and the Region | ||
| 245 | _aNew Road and Street Works Act 1991: Part III | ||
| 260 |
_aLondon _bDTLR _c2001 |
||
| 490 | _aDTLR Circular 02/2001 | ||
| 942 | _n0 | ||
| 999 |
_c103590 _d103590 |
||